00210nam a22000977a 4500003000400000082000800004100001900012245004400031260002900075300000800104SGT bSIN aSINGH, PRAMOD  aSTUDENTS TEAHING IN PHYSICAL EDUCATION  aDELHI bJBT. PUB. c2010 a231